000 01102nam a2200229Ia 4500
999 _c34843
_d34843
001 660
003 GE_BSU
005 20221017100942.0
008 181216s1992||||ge |||||||||||||| ||geo||
040 _cGE_BSU
041 _ageo
080 _a316.6+316.472.2 კ-29
100 _aკარნეგი, დეილ
_915326
245 _aროგორ შევიძინოთ მეგობრები და როგორ მოვიმხროთ ადამიანები /
_cდეილ კარნეგი ; ინგლ. თარგმნა ჯემალ ჭელიძემ.
264 _aთბილისი :
_bორიონი,
_c1992.
300 _a168 გვ.;
_b20 სმ.
653 _aსოციალური ფსიქოლოგია;
653 _aურთიერთობები ადამიანთა შორის;
653 _aპიროვნებათაშორისი ურთიერთობები
700 _aჭელიძე, ჯემალ
_eმთარგმნელი
_915327
942 _cBK
_2udc